00688nam a22002297a 450000500170000001000130001702000100003003500130004003700160005304000120006908200180008110000250009924500540012424600410017826000620021927000670028130000200034865000240036865000280039265000230042065000150044320170123162327.0 aA-415950 c35.00 aA-415950 bCen Lib/Ret aDPLbUR aنbم س ر  aمسرور جہاں  aخزاؤں سے دور /cمسرور جہاں  aKhazaon se door /bby Masroor Jahan  aنیی دہلی bاہلووالیا بک ڈیپو c1989 bنیی دہلی a٩٩٨٨، نیو روہتک روڈ e110005 a224p.c18cm(Hb) aادب -- اردو  aاردو ناول  aLiterature -- urdu aUrdu novel